La hegemonía del pueblo y la lucha centroamericana

保存先:
書誌詳細
第一著者: González Casanova, Pablo
フォーマット: テキスト
出版事項: México
タグ: タグ追加
タグなし, このレコードへの初めてのタグを付けませんか!

MARC

LEADER 00000 a a2200000 04500
001 24537
003
040
090 |a 176201  
100 |a González Casanova, Pablo  
245 |a La hegemonía del pueblo y la lucha centroamericana  
260 |a México  
300 |a 174 p.  
999 |c 16182  |d 16182